Equipe ayant remporté la ligue 1 ou 2 (Mort Subite) - Statistiques

Statistiques générales
  • Ce quiz a été pris 307 fois
  • Le résultat moyen est 6 sur 21
Answers on the Grid
Answers color-coded by a green-red scale on the quiz's grid according to % correct below.
Toulouse
Caen
Amiens
Grenoble
Troyes
Lorient
Saint Etienne
Auxerre
Marseille
Lille
Sochaux
Ajaccio
Nantes
Nice
Rennes
Reims
Valenciennes
Guingamp
Clermont
Metz
Nimes
Nancy
Lens
Angers
Brest
Dijon
Strasbourg
Montpellier
Bordeaux
Le Mans UC
Le Havre
Evian Thonon Gaillard
 
Statistiques - réponses
Réponse % Correct
Lille
63%
Marseille
63%
Bordeaux
53%
Montpellier
53%
Saint Etienne
53%
Nantes
49%
Auxerre
44%
Lens
44%
Reims
28%
Metz
26%
Strasbourg
24%
Toulouse
24%
Le Havre
21%
Lorient
21%
Sochaux
18%
Troyes
15%
Caen
12%
Evian Thonon Gaillard
12%
Nancy
12%
Ajaccio
7%
Valenciennes
6%
Aucun quiz correspondant
Distribution des résultats
% des personnes avec chaque résultat
Percentile par nombre de réponses
Votre historique - résultats
Vous n’avez pas pris ce quiz